000 00562nam a2200145 4500
999 _c17795
_d17795
008 221222b ||||| |||| 00| 0 eng d
020 _a9786214062737
082 _22020
_aDFil 791.43
_bSi63
245 _aSinesosyedad :
_bisang manual sa pagbasa at pagsusuri ng pelikulang Filipino /
_cEdited by Jaime Gutierrez-Ang.
260 _aIntramuros, Manila :
_bMindshapers Co., Inc.,
_c©2020.
300 _axvi, 92 pages :
_billustrations ;
_c25 cm.
500 _aIncludes bibliographical references.
650 _aMotion pictures
_xTextbooks
_947270
942 _2ddc
_cDFIL